Breve idea de la constitución geológica de España presentada por la Comisión del Mapa Geológico en la Exposición de Minería celebrada en Madrid en 1883. (Record no. 183623)

MARC details
000 -LEADER
campo de control de longitud fija 00950nam a2200205 i 4500
001 - NÚMERO DE CONTROL
campo de control 183623
003 - IDENTIFICADOR DE NÚMERO DE CONTROL
campo de control ES-MaACL
005 - FECHA Y HORA DE LA ÚLTIMA TRANSACCIÓN
campo de control 20230906221932.0
008 - DATOS DE LONGITUD FIJA--INFORMACIÓN GENERAL
campo de control de longitud fija 140905s1883 sp |||| | spa d
245 00 - MENCIÓN DEL TÍTULO
Título Breve idea de la constitución geológica de España presentada por la Comisión del Mapa Geológico en la Exposición de Minería celebrada en Madrid en 1883.
260 ## - PUBLICACIÓN, DISTRIBUCIÓN, ETC.
Lugar de publicación, distribución, etc. Madrid :
Nombre del editor, distribuidor, etc. Manuel Tello,
Fecha de publicación, distribución, etc. 1883.
300 ## - DESCRIPCIÓN FÍSICA
Extensión 20 p. ;
Dimensiones 26 cm.
530 ## - NOTA DISPONIBLE DE FORMULARIO FÍSICO ADICIONAL
Nota de formato físico adicional disponible Disponible en formato digital.
650 #4 - PUNTO DE ACCESO ADICIONAL DE MATERIA--TÉRMINO DE MATERIA
Término de materia o nombre geográfico como elemento de entrada Geología-
Subdivisión geográfica España.
9 (RLIN) 138819
710 2# - ENTRADA AGREGADA--NOMBRE DE ENTIDAD CORPORATIVA
Nombre de entidad corporativa o nombre de jurisdicción como elemento de entrada Comisión del Mapa Geológico de España.
9 (RLIN) 3030
711 2# - ENTRADA AGREGADA--NOMBRE DE REUNIÓN
Nombre de congreso/reunión o jurisdicción como elemento de entrada Exposición Nacional de Minería, Artes Metalúrgicas, Cerámica, Cristalería y Aguas Minerales (
Fecha del congreso o de la firma del tratado 1883.
Sede del congreso/Lugar de la reunión Madrid)
9 (RLIN) 707
852 ## - LOCALIZACIÓN
Ubicación ES-MaACL
Número de control de estantería T-1107-F-4
Nota libre .- Legado de Federico de Botella y de Hornos
852 ## - LOCALIZACIÓN
Ubicación ES-MaACL
Número de control de estantería T-515-F-2
856 ## - LOCALIZACIÓN Y ACCESO ELECTRÓNICOS
Identificador Uniforme de Recursos <a href="http://bdh-rd.bne.es/viewer.vm?id=0000077381&page=1 ">http://bdh-rd.bne.es/viewer.vm?id=0000077381&page=1 </a>
Nota pública Biblioteca Digital Hispánica
Holdings
Estatus retirado Estado de pérdida Estado de daño No para préstamo Colección Biblioteca de origen Biblioteca actual Ubicación en estantería Fecha de adquisición Fuente de adquisición Total de préstamos Signatura topográfica completa Código de barras Visto por última vez Precio de reemplazo Tipo de ítem Koha
        Colección de folletos Biblioteca del Ateneo de Madrid Biblioteca del Ateneo de Madrid Depósito folletos 05/09/2014     T-1107-F-4 1193033 23/02/2023 23/02/2023 Folleto
        Colección de folletos Biblioteca del Ateneo de Madrid Biblioteca del Ateneo de Madrid Depósito folletos 09/05/2005     T-515-F-2 1201908 23/02/2023 23/02/2023 Folleto